000 00262nam a2200109Ia 4500
008 220204s9999 xx 000 0 und d
082 _a82-3
_bMAC
100 _aMacInnes, Helen
245 0 _aMessage from Malaga
260 _aGreenwich
_bFawcett
_c1971
942 _cBK
999 _c31006
_d31006